[Event "DEN-chT XtraCon 2018-19"]
[Site "Denmark"]
[Date "2019.03.16"]
[Round "8"]
[White "Skjoldager, Per"]
[Black "Kjems Hove, Esben"]
[Result "0-1"]
[WhiteElo "2049"]
[BlackElo "2315"]
[Annotator "NA"]
[PlyCount "68"]
[EventDate "2018.10.27"]
[EventType "team-tourn"]
[EventCountry "DEN"]
[SourceTitle "playchess.com"]
[Source "ChessBase"]
[SourceQuality "1"]
[TimeControl "40/5400+30:1800+30"]

1. e4 {[%emt 0:00:00]} c6 {[%emt 0:00:00]} 2. d4 {[%emt 0:00:00]} d5 {[%emt 0:00:00]} 3. e5 {[%emt 0:00:13]} Bf5 {[%emt 0:00:00]} 4. Nc3 {[%emt 0:00:12]} e6 {[%emt 0:00:00]} 5. g4 {[%emt 0:00:17]} Bg6 {[%emt 0:00:06]} 6. Nge2 {[%emt 0:00:05]} c5 {[%emt 0:01:34]} 7. h4 {[%emt 0:01:24]} h5 {[%emt 0:00:40]} 8. Nf4 {[%emt 0:00:34]} Bh7 {[%emt 0:00:07]} 9. Nxh5 {[%emt 0:01:27]} cxd4 {[%emt 0:00:58]} 10. Qxd4 {[%emt 0:00:33]} Nc6 {[%emt 0:02:35] B12: Caro-Kann: Advance Variation} 11. Bb5 {[%emt 0:00:13]} a6 {[%emt 0:11:36]} 12. Bxc6+ {[%emt 0:02:26]} bxc6 {[%emt 0:00:07]} 13. Bg5 {[%emt 0:08:38]} Qa5 {[%emt 0:03:39]} (13... Qb8 14. O-O-O Qa7 15. Qa4 Qd7 16. f4 c5 17. f5 Qxa4 18. Nxa4 {0-1 (58) Sadler,M (2626)-Dreev,A (2682) Dordrecht 2004}) 14. Bd2 $146 {[%emt 0:14:33]} ({Predecessor:} 14. O-O-O Rb8 15. Qa7 Qb4 16. b3 Ne7 17. Nxg7+ Bxg7 18. Bxe7 {½-½ (30) McCarthy,D (1878)-Bullen,A (2045) Cardiff 2016}) 14... c5 {[%emt 0:06:25]} 15. Qf4 {[%emt 0:00:55]} Qc7 {[%emt 0:04:07]} 16. Qa4+ {[%emt 0:05:31]} Qd7 {[%emt 0:01:12]} 17. Qxd7+ {[%emt 0:00:08]} Kxd7 {[%emt 0:00:04]} 18. O-O-O {[%emt 0:00:13]} Kc6 {[%emt 0:02:44]} 19. f4 {[%emt 0:00:54] [#]} Nh6 {[%emt 0:05:23]} (19... d4 $1 $17 {[%cal Rd4c3]} 20. Na4 Nh6) 20. Rhg1 {[%emt 0:04:03]} Bg6 {[%emt 0:02:23]} 21. f5 {[%emt 0:03:36]} Bxh5 {[%emt 0:05:43]} 22. Bxh6 {[%emt 0:02:02]} Rxh6 {[%emt 0:02:22]} 23. gxh5 {[%emt 0:00:08]} d4 {[%emt 0:02:50]} 24. Ne4 {[%emt 0:02:43]} exf5 {[%emt 0:04:16]} 25. Ng5 {[%emt 0:04:24]} Rxh5 {[%emt 0:16:01]} 26. Nxf7 {[%emt 0:00:40]} Rxh4 {[%emt 0:00:31]} 27. Rg6+ {[%emt 0:05:20]} Kd5 {[%emt 0:02:09]} 28. b3 {[%emt 0:01:28]} Rg4 {[%emt 0:05:20]} 29. c4+ {[%emt 0:05:28]} Ke4 {[%emt 0:00:46]} 30. Re1+ {[%emt 0:00:34]} Kf3 {[%emt 0:01:19]} 31. Ng5+ {[%emt 0:07:34]} Kf2 {[%emt 0:00:58]} 32. Kd2 $2 {[%emt 0:00:18]} (32. Rh1) 32... Be7 $19 {[%emt 0:01:44]} 33. Nh3+ {[%emt 0:06:40]} Kg3 {[%emt 0:00:29]} 34. Re6 {[%emt 0:00:28]} Bd8 0-1

[Event "DEN-chT XtraCon 2018-19"]
[Site "Denmark"]
[Date "2019.03.17"]
[Round "9"]
[White "Banusz, Tamas"]
[Black "Vang Glud, Jakob"]
[Result "1-0"]
[WhiteElo "2614"]
[BlackElo "2551"]
[Annotator "TA"]
[PlyCount "93"]
[EventDate "2018.10.27"]
[EventType "team-tourn"]
[EventCountry "DEN"]
[SourceTitle "playchess.com"]
[Source "ChessBase"]
[SourceQuality "1"]

{[%evp 10,93,28,18,25,22,23,22,25,35,33,28,34,40,58,51,59,43,63,65,64,65,59,34,67,37,80,90,93,80,132,126,151,141,138,137,141,133,141,133,135,133,125,106,113,118,220,230,225,221,257,257,254,238,320,297,305,351,352,370,394,408,449,433,429,433,366,372,363,356,1373,1493,1305,592,549,512,1178,365,1498,1494,1471,1307,993,631,5085,1790]} 1. Nf3 d5 2. g3 Bg4 3. Bg2 c6 4. O-O Nd7 5. d3 e6 6. c4 Bxf3 $146 {A11: English Opening: 1...c6} (6... Ngf6 7. cxd5 exd5 8. h3 Bxf3 9. Bxf3 Bc5 10. Bg2 O-O 11. Nc3 Re8 12. e4 dxe4 13. dxe4 Ne5 14. Bg5 h6 15. Bxf6 Qxf6 16. Kh2 Qe6 17. Qc2 Rad8 18. b3 {½-½ (68) Adly,A (2626)-Kryakvin,D (2588) St Petersburg 2018}) 7. Bxf3 dxc4 8. d4 Ngf6 {The position is equal.} 9. Nd2 Nb6 10. e3 Bb4 11. Qc2 Bxd2 12. Bxd2 O-O 13. a4 a5 14. b3 cxb3 15. Qxb3 Nfd7 16. Rab1 {[%mdl 1024] White has compensation.} Re8 17. Rfd1 Qe7 18. e4 e5 19. Be3 Qb4 (19... exd4 $142 20. Bxd4 c5) 20. dxe5 $16 (20. Qxb4 $6 axb4 21. Rxb4 Rxa4 $14) 20... Qxb3 21. Rxb3 Nc4 22. Rxd7 Nxe5 23. Rbxb7 {aiming for Kg2.} (23. Rdxb7 $6 Nxf3+ 24. Kg2 Ne1+ 25. Kh3 Rxe4 $14) 23... Nxf3+ 24. Kg2 Ne5 25. Rdc7 $36 {[%mdl 2048] Hoping for Bd4. White is really pushing.} Rac8 26. Bd4 Rxc7 27. Rxc7 {[%mdl 4096] Endgame Black must now prevent Bxe5. KRB-KRN} g5 {[#]} (27... f6 $16 {was called for.}) 28. f4 $1 $18 {[%cal Rf4e5]} gxf4 29. gxf4 Nd3 30. Kf3 (30. Rxc6 Nxf4+ 31. Kf3 Ne6 $16) 30... h5 {intending ...Ne1+.} 31. e5 ({Less strong is} 31. Rxc6 Ne1+ 32. Ke3 Ng2+ 33. Ke2 Nxf4+ 34. Ke3 Ne6 $16) 31... Rd8 32. Bb6 Rb8 33. Rxc6 ({But not} 33. Bxa5 $6 Nc5 $18) 33... Nb2 34. Bxa5 Nxa4 35. Ke4 Rb5 36. Rc8+ Kh7 37. Bd8 Nc5+ 38. Kf5 {Threatening mate with Bf6.} Ne6 39. Bf6 {[%csl Gf6][%cal Rc8h8]} Ng7+ $2 {[#]} (39... Nd4+ 40. Ke4 Rb4) 40. Bxg7 $1 Kxg7 {KR-KR} 41. Rc3 (41. h4 $142 Rb4 42. Kg5) 41... Rb6 42. Rg3+ Kh6 (42... Kf8 $142 43. Kg5 h4) 43. h4 $2 (43. Rd3 Kg7 44. Rd6) 43... Ra6 $2 (43... Kh7 44. Rg5 Kh6) 44. Rd3 {Rd6+ would kill now.White is clearly winning.} Kg7 45. Rd6 Ra8 46. Kg5 Rh8 47. Rd7 {Accuracy: White = 81%, Black = 36%.} (47. f5 $142 Re8 48. e6 f6+ 49. Kxh5 Rh8+ 50. Kg4) 1-0

[Event "DEN-chT XtraCon 2018-19"]
[Site "Denmark"]
[Date "2019.03.17"]
[Round "9"]
[White "Berg Hansen, Sune"]
[Black "Moller Ochsner, IM Bjorn"]
[Result "1/2-1/2"]
[WhiteElo "2587"]
[BlackElo "2483"]
[Annotator "TA"]
[PlyCount "55"]
[EventDate "2018.10.27"]
[EventType "team-tourn"]
[EventCountry "DEN"]
[SourceTitle "playchess.com"]
[Source "ChessBase"]
[SourceQuality "1"]

{[%evp 9,55,23,25,30,29,15,32,17,14,9,12,0,10,11,8,10,14,-12,7,-14,-16,-9,0,0,16,0,14,3,22,9,28,0,8,6,22,0,0,0,0,0,0,0,0,0,0,0,0,0]} 1. Nf3 c5 2. e4 d6 3. d4 cxd4 4. Qxd4 a6 5. h3 Nc6 6. Qe3 {B53: Sicilian: 2...d6: Lines with Qxd4} g6 7. Be2 Bg7 8. O-O {White is slightly better.} Nf6 {[%cal Bg8f6,Bf6d7,Bd7c5][%mdl 32]} 9. Rd1 Nd7 10. Nc3 (10. c4 O-O 11. Nc3 Nde5 12. Nxe5 Nxe5 {½-½ (146) Harikrishna,P (2730)-Andriasian,Z (2604) chess.com INT 2019}) 10... b5 $146 ({Predecessor:} 10... O-O 11. b3 Nc5 12. Bb2 Qa5 {½-½ (20) Ozkurt,K (1586)-Baylav,C (2108) Antalya 2019}) 11. a4 b4 12. Nd5 O-O 13. Rb1 Nc5 14. b3 e6 15. Nf4 e5 16. Nd5 Kh8 17. Bb2 Bb7 18. Bc4 Rc8 19. c3 bxc3 20. Bxc3 f5 {The position is equal.} 21. exf5 gxf5 22. Qg5 Qe8 23. Qh4 Qg6 24. Qg5 Qe8 $1 25. Qh4 Qg6 26. Qg5 Qe8 27. Qh4 Qg6 28. Qg5 {Accuracy: White = 57%, Black = 64%.} 1/2-1/2

[Event "DEN-chT XtraCon 2018-19"]
[Site "Denmark"]
[Date "2019.03.17"]
[Round "9"]
[White "Hansen, Lars Bo"]
[Black "Aaes Nielsen, Lars"]
[Result "1/2-1/2"]
[WhiteElo "2560"]
[BlackElo "2229"]
[Annotator "TA"]
[PlyCount "197"]
[EventDate "2018.10.27"]
[EventType "team-tourn"]
[EventCountry "DEN"]
[SourceTitle "playchess.com"]
[Source "ChessBase"]
[SourceQuality "1"]

{[%evp 15,197,29,40,41,35,45,59,54,57,32,41,42,35,22,24,38,65,25,97,42,76,68,62,52,77,0,0,0,0,0,14,-18,-23,-16,-17,-29,-21,-36,-6,-9,0,0,-3,-31,-38,-32,-17,-41,0,0,0,-9,-8,-38,-31,-45,0,0,16,16,16,0,0,-19,0,0,0,6,16,-59,16,16,16,16,16,16,27,19,162,162,210,209,204,204,204,204,207,205,266,261,296,269,326,297,265,213,212,201,714,700,663,652,623,566,404,383,637,610,670,666,593,375,884,714,750,688,674,674,666,663,652,645,630,623,614,608,585,585,399,97,97,97,97,97,97,97,97,97,112,97,97,97,97,97,97,97,112,119,119,97,119,97,97,44,97,97,119,97,97,0,119,97,97,97,97,97,97,97,119,97,97,0,0,0,97,0,97,97,97,44,44,51,51,51]} 1. d4 e6 2. e4 d5 3. exd5 exd5 4. Nf3 Nc6 5. Bd3 Bg4 6. c3 Nf6 {C01: French: Exchange Variation} (6... Bd6 7. O-O Qd7 8. Re1+ Nge7 9. Nbd2 O-O-O 10. b4 Rde8 11. b5 Nd8 12. Qa4 Kb8 13. Ba3 Ne6 14. Ne5 Bxe5 15. dxe5 Bf5 16. Bf1 d4 17. cxd4 Qxd4 18. Nc4 Nc8 19. Qb3 Rd8 20. Rad1 Qh4 {½-½ (20) Pourramezanali,A (2509)-Short,N (2652) Guilan 2016}) 7. O-O Be7 8. Nbd2 {[%cal Bb1d2,Bd2f3,Bf3e5][%mdl 32]} O-O {LiveBook: 5 Games. White has an edge.} 9. Qc2 Bh5 10. Ne5 Bg6 $146 ({Predecessor:} 10... Bd6 11. f4 Ne7 12. Ndf3 c5 13. dxc5 Bxc5+ 14. Nd4 Rc8 {½-½ (62) Michaud,P (1293)-Poulin,R (1208) Montreal 2005}) 11. Nxg6 hxg6 12. f4 Bd6 13. Nf3 Ne7 $1 14. Qf2 Nf5 15. Ne5 Qc8 16. Bd2 c6 (16... c5 $11 {keeps the balance.}) 17. Kh1 (17. Rae1 $16) 17... Bc7 18. Rae1 Nd6 19. Qh4 {Strongly threatening f5!} Nfe4 20. Bc1 (20. g4 $16) 20... Bd8 $11 21. Qg4 Qxg4 22. Nxg4 f6 23. Ne3 b5 24. f5 g5 25. Nd1 Re8 26. Kg1 Bc7 27. Nf2 Kf7 28. Nxe4 Nxe4 29. Be2 Rh8 30. g3 Rae8 31. Bd3 Re7 32. Re3 Rhe8 33. Rfe1 g6 34. Rf1 gxf5 35. Rxf5 Nd6 (35... Kg6 {feels hotter.} 36. Rf2 f5 37. Rc2 Bb6 38. Re1 a5) 36. Rxe7+ Rxe7 37. Rf1 {Black must now prevent Bxg5.} Kg7 38. Kg2 Ne4 39. Rf3 Kg6 40. g4 Kg7 41. Rh3 Re8 42. Kf3 {[#]} ({Better is} 42. Be3 $11) 42... Bd6 (42... f5 $1 $15 {[%mdl 512]} 43. Be3 (43. gxf5 g4+) 43... f4) 43. Rh5 a5 44. h4 gxh4 45. Rxh4 b4 46. c4 {cxd5 is the strong threat.} Kg8 (46... Ng5+ $11 47. Bxg5 fxg5 48. Rh7+ Kf8) 47. cxd5 $18 cxd5 48. Rh5 Ng5+ 49. Bxg5 fxg5 50. Rxg5+ {[%mdl 4096] Endgame KRB-KRB} Kf8 51. Rxd5 Be7 52. Bc4 a4 53. Kf4 Rc8 54. Rf5+ Kg7 55. b3 axb3 56. axb3 Bf6 $2 (56... Bd6+ 57. Ke4 Rf8 58. Rg5+ Kh6) 57. Rd5 Rf8 58. Rd7+ Kh6 59. d5 {[%cal Bd4d5,Bd5d6,Bd6d7][%mdl 32]} Bc3+ 60. Ke4 Kg5 $2 (60... Re8+ 61. Kf5 Rf8+ 62. Ke6 Rf6+ 63. Ke7 Be5) 61. d6 Kxg4 62. Kd5 Kf5 63. Kc6 Kf6 $2 (63... Bf6 64. Rc7 Rh8) 64. Rh7 Kg6 65. Bd3+ Kg5 66. d7 Bf6 67. Rh1 Bd8 68. Rg1+ Kh4 69. Re1 Rf6+ 70. Kd5 Rf7 71. Bb5 Rf5+ 72. Re5 $2 (72. Kc4 $18 {and White stays clearly on top.}) 72... Rxe5+ $16 73. Kxe5 {KB-KB} Kg5 74. Bd3 Kh6 75. Ke6 Kg7 76. Be2 Kf8 77. Kd6 Kf7 78. Bg4 Kf6 79. Kc6 Ke5 80. Bh3 Kf6 81. Kd6 Kf7 82. Kc5 Be7+ 83. Kc4 Kf6 84. Bg4 ({White should try} 84. Kd5 $16) 84... Kf7 ({Black should play} 84... Ke5 $14) 85. Kb5 Kf6 86. Bf3 Ke6 87. Bg4+ Kf6 $1 88. Ka5 Kf7 89. Kb6 Bd8+ 90. Kc5 Be7+ 91. Kd5 Kf6 92. Be6 Bd8 93. Kd6 Be7+ $1 94. Kd5 Bd8 {[#]} 95. Bg4 (95. Bh3 $1 $16) 95... Kf7 (95... Be7 $1 $11) 96. Bh5+ Ke7 97. Be8 (97. Kc6 $16) 97... Bc7 $14 98. Kc6 Bg3 99. Kc5 {Precision: White = 45%, Black = 52%.} 1/2-1/2

[Event "DEN-chT XtraCon 2018-19"]
[Site "Denmark"]
[Date "2019.03.17"]
[Round "9"]
[White "David, Alberto"]
[Black "Skytte, Rasmus"]
[Result "1/2-1/2"]
[WhiteElo "2559"]
[BlackElo "2372"]
[Annotator "TA"]
[PlyCount "55"]
[EventDate "2018.10.27"]
[EventType "team-tourn"]
[EventCountry "DEN"]
[SourceTitle "playchess.com"]
[Source "ChessBase"]
[SourceQuality "1"]

{[%evp 11,55,22,33,43,40,10,19,10,10,9,22,14,10,14,14,21,9,22,17,15,17,0,0,0,-2,0,0,-17,-25,-19,-7,-24,0,0,0,0,0,0,17,0,0,-33,-31,-60,-30,-45]} 1. e4 d6 2. d4 Nf6 3. f3 d5 4. Nc3 e6 5. e5 Ng8 6. f4 Nh6 {LiveBook: 4 Games. C11: French: Classical System: 4 e5 and 4 Bg5 dxe4} 7. Nf3 b6 8. Bd2 $146 ({Predecessor:} 8. Be3 c5 9. Qd2 Be7 10. Bf2 O-O 11. h3 Nf5 12. Bd3 Nxd4 13. Nxd4 cxd4 14. Ne2 {½-½ (40) Thogersen,R (2252)-Skytte,R (2394) Aarhus 2017}) 8... Be7 {The position is equal.} 9. Bd3 c5 10. O-O Nc6 11. b3 Nb4 12. Bb5+ Bd7 13. Bxd7+ Qxd7 14. Ne2 Nc6 15. c3 O-O 16. Kh1 f6 17. exf6 Bxf6 18. Be3 Nf5 {[%cal Bh6f5,Bf5d6,Bd6e4][%mdl 32]} 19. Bf2 cxd4 20. cxd4 Nd6 21. Nc3 Ne4 22. Qe1 Nxf2+ 23. Qxf2 Rac8 24. Qe3 Be7 25. Rad1 h6 26. Rfe1 Bb4 27. Rd3 Rfe8 (27... Ne7 $5 {[%cal Re7f5]} 28. Rc1 Nf5 $15) 28. Re2 {Precision: White = 42%, Black = 67%.} 1/2-1/2

[Event "DEN-chT XtraCon 2018-19"]
[Site "Denmark"]
[Date "2019.03.17"]
[Round "9"]
[White "Hillarp Persson, Tiger"]
[Black "Stig Rasmussen, Allan"]
[Result "1-0"]
[WhiteElo "2558"]
[BlackElo "2547"]
[Annotator "TA"]
[PlyCount "85"]
[EventDate "2018.10.27"]
[EventType "team-tourn"]
[EventCountry "DEN"]
[SourceTitle "playchess.com"]
[Source "ChessBase"]
[SourceQuality "1"]

{[%evp 10,85,18,9,28,25,33,13,25,0,30,20,25,19,32,0,44,0,20,0,0,0,0,0,0,0,0,-4,12,-14,-5,-64,-64,-36,-50,-64,-47,-69,0,-41,0,-64,-35,-23,0,-31,-11,-14,-16,-26,0,0,23,10,10,-10,0,0,9,-44,165,171,289,160,269,225,306,293,353,179,269,261,342,345,424,416,698,653]} 1. Nf3 d5 2. g3 Nf6 3. Bg2 c6 4. c4 Bf5 5. Qb3 Qb6 6. d3 e6 {A11: English Opening: 1...c6} 7. Be3 Qa6 (7... Qxb3 8. axb3 a6 9. Bd2 Nbd7 10. Bc3 Be7 11. Nbd2 c5 12. Ne5 d4 13. Nxd7 Nxd7 14. Ba5 {1-0 (45) Giri,A (2783)-Aronian,L (2765) St Petersburg 2018}) 8. cxd5 exd5 {The position is equal.} 9. Nc3 Nbd7 10. O-O Bd6 $146 ({Predecessor:} 10... Be7 11. Rac1 O-O 12. Bd4 Rad8 13. e4 dxe4 14. dxe4 Nxe4 15. Nxe4 Bxe4 {1-0 (61) Plischki,S (2426)-Laverton,C (2147) Prague 2019}) 11. Bd4 O-O 12. Rfe1 Rfe8 13. Rad1 (13. e4 $5 dxe4 14. dxe4 Nxe4 15. Bf1 $14 (15. Nxe4 Bxe4 16. Ng5 Bg6 $11)) 13... Bc5 14. Qc2 Bxd4 15. Nxd4 Bg6 16. Nf3 Qb6 17. Nh4 d4 $36 {[%mdl 2048] Black has good play.} 18. Na4 Qb4 19. Nxg6 hxg6 ({Of course not} 19... fxg6 $6 20. Qc4+ Qxc4 21. dxc4 $16) 20. Rc1 (20. a3 $11 Qb5 21. Rc1) 20... Re5 $1 $15 21. a3 Qe7 22. b4 Re8 {[%cal Re5e2]} 23. Kf1 g5 (23... Rf5 $15 24. Bf3 a5) 24. Nb2 Rf5 {[#] And now ...Rxf2+! would win.} 25. Nd1 (25. Nc4 $11) 25... Ng4 {Hoping for ...Rxf2+!} 26. Kg1 Qf6 {[%cal Rf5f2]} 27. Rf1 Qh6 {[%csl Gg4][%cal Rh6h2]} 28. h3 Nge5 29. Qd2 Qe6 30. Nb2 g4 31. Nc4 Rh5 32. hxg4 Nxg4 {[#] Strongly threatening ...b5.} 33. Qf4 $1 Ndf6 34. Rc2 (34. Bf3 $11) 34... g5 $2 (34... Rd8 $15 {keeps the upper hand.}) 35. Qxd4 $18 Nh6 (35... a6 $142 36. e4 Nh2) 36. Qd6 (36. Qxa7 $18 Re7 37. Na5) 36... Qf5 (36... Nf5 $16 {might work better.} 37. Qxe6 Rxe6) 37. Ne3 Qg6 38. Rc5 Qg7 39. Nf5 (39. Re5 $142) 39... Nxf5 (39... Qh8 {is a better defense.}) 40. Rxf5 Ng4 41. Qd7 Re6 42. Bf3 Reh6 (42... Nh6 $142 43. Ra5 b6 44. Rxa7 g4) 43. Qe8+ {Accuracy: White = 46%, Black = 29%.} 1-0

[Event "DEN-chT XtraCon 2018-19"]
[Site "Denmark"]
[Date "2019.03.17"]
[Round "9"]
[White "Chatalbashev, Boris"]
[Black "Vinther-Schou, Uffe"]
[Result "0-1"]
[WhiteElo "2525"]
[BlackElo "2357"]
[Annotator "TA"]
[PlyCount "142"]
[EventDate "2018.10.27"]
[EventType "team-tourn"]
[EventCountry "DEN"]
[SourceTitle "playchess.com"]
[Source "ChessBase"]
[SourceQuality "1"]

{[%evp 17,142,29,34,34,22,24,22,22,22,22,37,11,18,16,14,2,5,0,0,14,13,15,39,39,39,27,34,38,38,39,39,34,37,40,41,33,26,21,48,21,27,21,21,6,44,21,21,21,21,21,65,22,22,22,26,26,26,26,26,26,26,26,26,26,29,29,35,13,18,30,58,38,66,66,66,16,0,19,70,70,70,70,70,70,167,175,171,181,179,185,139,138,161,119,147,112,202,40,29,34,97,0,113,0,71,94,313,297,687,-29957,-29961,-29978,-29979,-29978,-29977,-29977,-29978,-29992,-29993,-29993,-29994,-29994,-29995,-29995,-29986,-29996,-29997]} 1. d4 Nf6 2. c4 e6 3. Nc3 Bb4 4. Nf3 c5 5. g3 Ne4 6. Qc2 Qa5 7. Qxe4 Bxc3+ 8. Bd2 Bxd2+ 9. Nxd2 Nc6 10. dxc5 {E20: Nimzo-Indian: 4 g3 and 4 f3} b6 11. Bg2 Bb7 {Strongly threatening ...Nd8.} 12. Qf4 {The position is equal.} bxc5 13. Qd6 Nd8 14. Bxb7 Nxb7 15. Qd3 O-O 16. O-O Rad8 $146 ({Predecessor:} 16... d6 17. f4 Qc7 18. Ne4 Qe7 19. Rad1 a5 20. Ng5 g6 21. e4 e5 22. h4 exf4 23. gxf4 h6 24. Nf3 Qf6 {½-½ (24) Chatalbashev,B (2596)-Olarasu,G (2287) Vaujany 2011}) 17. e4 Qb6 18. Rfd1 Na5 19. Nb3 d6 20. Nxa5 Qxa5 21. Rd2 Rd7 22. Rad1 Rfd8 23. b3 Qb6 24. h4 Qc6 25. Qe3 h6 26. Rd3 a5 27. a4 Kf8 28. h5 Qb6 29. Qf4 Qc6 30. f3 Ke7 31. Kg2 Kf8 32. Kf2 Kg8 33. Qe3 Kf8 34. Ke2 (34. g4 $5 {[%cal Rg4g5]}) 34... Kg8 35. Qd2 Qc7 36. Kf2 Qb6 37. Kg2 Kf8 38. Qc3 Qc7 39. Kf2 Qb6 40. Ke2 Qc7 41. R1d2 Kg8 42. Kd1 Qb6 43. Kc2 Qc7 44. Kb2 Qb6 45. Ka2 Qc7 46. f4 Qc6 47. Re3 Qb6 ({Black should try} 47... d5 $11 48. exd5 exd5 49. cxd5 (49. Qxa5 dxc4 50. Qxd8+ Rxd8 $11) 49... Rxd5) 48. g4 $14 Qb4 $1 49. Qc2 f6 50. Red3 Qb6 {[#]} (50... Qb7 $14) 51. g5 $1 $18 {[%mdl 512]} hxg5 (51... fxg5 52. fxg5) 52. fxg5 fxg5 53. Rg3 Rf8 54. Rxg5 Qd8 55. Rdg2 {h6 is the strong threat.} Rf6 56. Qd2 Qc7 {[#]} (56... e5 $16 {was necessary.}) 57. Qc3 $2 (57. Rg6 $1 $18 {[%cal Rg6f6] Threatens to win with Rxf6.} Rdf7 58. h6 Rxg6 59. Rxg6) 57... Rdf7 $14 58. Qg3 Qe7 (58... Kh7 $14) 59. Ka3 (59. e5 $16 dxe5 60. h6 (60. Rxe5 Rf3 $14) (60. Qxe5 Rf5 $14) 60... Rxh6 61. Qxe5) 59... Qf8 (59... Rf3 $11 60. Rxg7+ Rxg7 61. Qxf3 Rxg2 62. Qxg2+ Qg7) 60. Qg4 (60. Qh2 $16) 60... Qe7 (60... Kh8 $11 61. h6 Rxh6) 61. e5 $16 Rf5 $2 (61... dxe5 $16 62. Rxe5 Qb7) 62. Rg6 $18 Qb7 $2 (62... dxe5 63. h6 R5f6 64. Rxg7+ Rxg7 65. hxg7 Rf7) 63. Qg3 $4 {[%mdl 8192]} (63. Qh4 $18) 63... Rf3 {Black mates.} 64. Qxf3 Rxf3 {[%csl Gf3][%cal Rb7b3]} 65. Rb2 Qb4+ 66. Ka2 Qe1 67. h6 Rf1 {[%csl Gf1][%cal Re1a1]} 68. Rxg7+ Kh8 {[%csl Gf1][%cal Re1a1]} 69. Ka3 Qa1+ 70. Ra2 Qc1+ {[%mdl 64] Double Attack} 71. Rb2 Rf2 {Accuracy: White = 56%, Black = 51%.} 0-1

[Event "DEN-chT XtraCon 2018-19"]
[Site "Denmark"]
[Date "2019.03.17"]
[Round "9"]
[White "Hector, Jonny"]
[Black "Teplyi, Igor"]
[Result "*"]
[WhiteElo "2468"]
[BlackElo "2417"]
[Annotator "TA"]
[PlyCount "30"]
[EventDate "2018.10.27"]
[EventType "team-tourn"]
[EventCountry "DEN"]
[SourceTitle "playchess.com"]
[Source "ChessBase"]
[SourceQuality "1"]

{[%evp 11,12,0,0]} 1. Nf3 d5 2. e3 Nf6 3. c4 c6 4. Nc3 e6 5. b3 Bd6 6. Bb2 O-O {Predecessor:} 7. Be2 $146 Nbd7 8. Rc1 a6 9. d4 Re8 10. O-O e5 11. dxe5 Nxe5 12. cxd5 c5 13. Nxe5 Bxe5 14. Bf3 Qd6 15. h3 b5 {1-0 (31) Nepomniachtchi,I (2763)-Saric,I (2695) St Petersburg 2018} *

[Event "DEN-chT XtraCon 2018-19"]
[Site "Denmark"]
[Date "2019.03.17"]
[Round "9"]
[White "Buhl Bjerre, Jonas"]
[Black "Schandorf, Lars"]
[Result "1/2-1/2"]
[WhiteElo "2463"]
[BlackElo "2496"]
[Annotator "TA"]
[PlyCount "41"]
[EventDate "2018.10.27"]
[EventType "team-tourn"]
[EventCountry "DEN"]
[SourceTitle "playchess.com"]
[Source "ChessBase"]
[SourceQuality "1"]

{[%evp 28,41,0,0,0,-1,17,7,15,0,0,0,2,0,5,0]} 1. e4 c5 2. Nf3 Nc6 3. d4 cxd4 4. Nxd4 Nf6 5. Nc3 e5 6. Ndb5 d6 7. Bg5 a6 8. Na3 b5 9. Nd5 Be7 10. Bxf6 Bxf6 11. c3 Bg5 12. Nc2 Rb8 13. Be2 O-O 14. O-O Be6 15. Ncb4 {LiveBook: 7 Games. The position is equal. B33: Sicilian: Pelikan and Sveshnikov Variations} (15. Qd3 a5 16. Rfd1 b4 17. Nce3 bxc3 18. bxc3 Ne7 19. a4 Nxd5 20. Nxd5 Rb2 21. Rab1 Qb8 22. c4 g6 23. Rxb2 Qxb2 24. Rb1 {½-½ (56) Vitiugov,N (2726)-Gelfand,B (2655) Prague 2019}) 15... Qc8 16. Qd3 Kh8 17. Nxc6 Qxc6 18. Nb4 Qb6 $1 19. Nd5 Qc6 $146 20. Nb4 Qb6 $1 21. Nd5 1/2-1/2

[Event "DEN-chT XtraCon 2018-19"]
[Site "Denmark"]
[Date "2019.03.17"]
[Round "9"]
[White "Antonsen, Mikkel"]
[Black "Ochsner, Thomas"]
[Result "1/2-1/2"]
[WhiteElo "2435"]
[BlackElo "2261"]
[Annotator "TA"]
[PlyCount "53"]
[EventDate "2018.10.27"]
[EventType "team-tourn"]
[EventCountry "DEN"]
[SourceTitle "playchess.com"]
[Source "ChessBase"]
[SourceQuality "1"]

{[%evp 13,53,16,41,41,21,13,27,22,28,14,21,21,18,0,0,-8,-12,-19,-2,-41,15,12,20,0,0,0,56,-39,32,22,43,40,50,41,62,-11,52,0,67,-21,52,0]} 1. d4 Nf6 2. c4 e6 3. Nf3 b6 4. g3 Bb7 5. Bg2 Be7 6. O-O O-O 7. Re1 Qc8 8. Nc3 {E17: Queen's Indian: 4 g3 Bb7 5 Bg2 Be7} Ne4 9. Bf4 Bf6 $146 ({Predecessor:} 9... Nxc3 10. bxc3 Be4 11. Bf1 Bd6 12. Bc1 c5 13. d5 exd5 14. cxd5 Re8 15. c4 Qa6 {1-0 (29) Nakamura,H (2749)-Iturrizaga Bonelli,E (2637) Caleta 2019}) 10. Qc2 {White has an edge.} Nxc3 11. bxc3 d6 12. e4 Nd7 13. e5 dxe5 14. dxe5 Be7 15. h4 Rd8 16. Ng5 Bxg5 (16... Nf8 $1 $15) 17. Bxg5 $11 {[#] aiming for Bxb7.} Re8 18. Bxb7 Qxb7 19. Rad1 Nf8 (19... Nc5 $11) 20. Rd4 (20. Qe2 $1 $14) 20... Qf3 (20... h6 $15 21. Bc1 c5) 21. Re3 $36 {[%mdl 2048] White is more active.} Qf5 22. Qd1 c5 23. Rf4 Qg6 24. Bf6 (24. Kh2 $14) 24... Qh6 (24... h5 $1 $11 25. Bg5 Nh7) 25. Bg5 Qg6 26. Bf6 (26. Kh2 $14) 26... Qh6 ({Black should play} 26... h5 $11 27. Bg5 Nh7) 27. Bg5 {Accuracy: White = 25%, Black = 17%.} (27. Qg4 $1 $14) 1/2-1/2